Talent management - theoretical approaches to the definition of talent

Manažment talentov ako konkurenčná výhoda podniku. Popis rozdielnych definícií a prístupov k manažmentu talentov.

Enregistré dans:
Détails bibliographiques
Auteur principal: Skorková, Zuzana, 1979-
Format: Chapitre de livre
Langue:anglais
Sujets:
Tags: Ajouter un tag
Pas de tags, Soyez le premier à ajouter un tag!

MARC

LEADER 00000naa$a2200000$$$4500
001 0197249
005 20240502073331.3
041 0 |a eng 
044 |a SK 
245 1 0 |a Talent management - theoretical approaches to the definition of talent  |c Zuzana Skorková 
520 |a Manažment talentov ako konkurenčná výhoda podniku. Popis rozdielnych definícií a prístupov k manažmentu talentov. 
610 2 0 |a talenty 
610 2 0 |a manažment personálny 
610 2 0 |a talent manažment 
610 2 0 |a konkurencieschopnosť 
610 2 0 |a výhody konkurenčné 
610 2 0 |a zručnosti 
610 2 0 |a schopnosti pracovné 
100 1 |a Skorková, Zuzana, 1979-